Normal view MARC view
  • Li︠a︡tkher, V. M.

Entry Personal Name

Number of records used in: 1

001 - CONTROL NUMBER

  • control field: 82361

003 - CONTROL NUMBER IDENTIFIER

  • control field: NUST

005 - DATE AND TIME OF LATEST TRANSACTION

  • control field: 20210909151022.0

008 - FIXED-LENGTH DATA ELEMENTS

  • fixed length control field: 210909|| aca||aabn | a|a d

040 ## - CATALOGING SOURCE

  • Original cataloging agency: NUST
  • Transcribing agency: NUST

100 ## - HEADING--PERSONAL NAME

  • Personal name: Li︠a︡tkher, V. M.
  • Fuller form of name: (Viktor Mikhaĭlovich)

670 ## - SOURCE DATA FOUND

  • Source citation: Work cat.: (NUST)33809: Li︠a︡tkher, V. M. (Viktor Mikhaĭlovich) author., Wind Power :
© 2023 Central Library, National University of Sciences and Technology. All Rights Reserved.